<?xml version="1.0" encoding="UTF-8"?>
<record
    xmlns:xsi="http://www.w3.org/2001/XMLSchema-instance"
    xsi:schemaLocation="http://www.loc.gov/MARC21/slim http://www.loc.gov/standards/marcxml/schema/MARC21slim.xsd"
    xmlns="http://www.loc.gov/MARC21/slim">

  <leader>02320nab a22004577a 4500</leader>
  <controlfield tag="003">AR-RoUNA</controlfield>
  <datafield tag="022" ind1=" " ind2=" ">
    <subfield code="a">03282384</subfield>
  </datafield>
  <datafield tag="040" ind1=" " ind2=" ">
    <subfield code="a">AR-RoUNA</subfield>
    <subfield code="b">spa</subfield>
  </datafield>
  <datafield tag="041" ind1=" " ind2=" ">
    <subfield code="a">spa</subfield>
    <subfield code="h">spa</subfield>
  </datafield>
  <datafield tag="044" ind1=" " ind2=" ">
    <subfield code="a">ag</subfield>
  </datafield>
  <datafield tag="110" ind1=" " ind2=" ">
    <subfield code="9">8413</subfield>
    <subfield code="a">Secretaria de Ciencia y T&#xE9;cnica.</subfield>
    <subfield code="b">Bolet&#xED;n de la Secretaria </subfield>
  </datafield>
  <datafield tag="245" ind1=" " ind2=" ">
    <subfield code="a">Ciencia y Tecnica</subfield>
    <subfield code="h">N&#xBA; 15</subfield>
    <subfield code="b">Bolet&#xED;n de la Secretar&#xED;a</subfield>
  </datafield>
  <datafield tag="260" ind1=" " ind2=" ">
    <subfield code="a">Buenos Aires :</subfield>
    <subfield code="b">UP,</subfield>
    <subfield code="c">1994</subfield>
  </datafield>
  <datafield tag="300" ind1=" " ind2=" ">
    <subfield code="a">64 p. :</subfield>
    <subfield code="b">plantas</subfield>
    <subfield code="b">fot. byn.</subfield>
    <subfield code="c">26x 20 cm</subfield>
  </datafield>
  <datafield tag="505" ind1=" " ind2=" ">
    <subfield code="t">INDICE</subfield>
  </datafield>
  <datafield tag="505" ind1=" " ind2=" ">
    <subfield code="a">Donde est&#xE1; el monstruo. II parte/ Automatizaci&#xF3;n, palabra con gusto a futuro. p. 3</subfield>
  </datafield>
  <datafield tag="505" ind1=" " ind2=" ">
    <subfield code="a">Reportaje: Enrique Oteiza / Hay que terminar con el pa&#xED;s del hacer y &#xE9;l deshacer. p. 14</subfield>
  </datafield>
  <datafield tag="505" ind1=" " ind2=" ">
    <subfield code="a">El problema de la fiebre aftosa/ Ya vendr&#xE1;n tiempos mejores. p. 20</subfield>
  </datafield>
  <datafield tag="505" ind1=" " ind2=" ">
    <subfield code="a">CONICET: Sistema de apoyo a docentes - investigadores / Este camino Jerarquiza el trabajo cient&#xED;fico. p. 26</subfield>
  </datafield>
  <datafield tag="505" ind1=" " ind2=" ">
    <subfield code="a">Un sat&#xE9;lite argentino en el espacio / SAC -1. Sue&#xF1;o o realidad. p. 28</subfield>
  </datafield>
  <datafield tag="505" ind1=" " ind2=" ">
    <subfield code="a">Centro Austral de Investigaciones  Cient&#xED;ficas, Ushuaia / Con el coraz&#xF3;n mirando al sur. p. 32</subfield>
  </datafield>
  <datafield tag="505" ind1=" " ind2=" ">
    <subfield code="a">Informe: Los recursos Naturales / Una Revoluci&#xF3;n Tecnol&#xF3;gica esta en marcha. Recursos naturales y desarrollo Agropecuario. p. 42</subfield>
  </datafield>
  <datafield tag="505" ind1=" " ind2=" ">
    <subfield code="a">Centro de Ciencias y Tecnolog&#xED;a para ni&#xF1;os y J&#xF3;venes / Puerto curioso. p. 50</subfield>
  </datafield>
  <datafield tag="505" ind1=" " ind2=" ">
    <subfield code="a">Relevamiento de Recursos y Actividades en Ciencia y Tecnolog&#xED;a / Un sistema estad&#xED;stico Nacional en Ciencia y Tecnolog&#xED;a. p. 52</subfield>
  </datafield>
  <datafield tag="505" ind1=" " ind2=" ">
    <subfield code="a">Ciclo de Programas de Televisi&#xF3;n 1988 / Va de nuevo. p. 54</subfield>
  </datafield>
  <datafield tag="505" ind1=" " ind2=" ">
    <subfield code="a">Cooperaci&#xF3;n argentino - japonesa en inform&#xE1;tica/ El sol naciente. p. 55</subfield>
  </datafield>
  <datafield tag="505" ind1=" " ind2=" ">
    <subfield code="a">Simposio Internacional sobre los cient&#xED;ficos, la Paz y el Desarme / No matar&#xE1;s. p. 58</subfield>
  </datafield>
  <datafield tag="505" ind1=" " ind2=" ">
    <subfield code="a">Chau Diarrea/ Transferencia de tecnolog&#xED;a. p. 64</subfield>
  </datafield>
  <datafield tag="505" ind1=" " ind2=" ">
    <subfield code="t">CONTRATAPA</subfield>
  </datafield>
  <datafield tag="505" ind1=" " ind2=" ">
    <subfield code="a">M&#xE1;s aburrido que una ostra.</subfield>
  </datafield>
  <datafield tag="650" ind1=" " ind2=" ">
    <subfield code="a">Arquitectura</subfield>
    <subfield code="9">11395</subfield>
  </datafield>
  <datafield tag="650" ind1=" " ind2=" ">
    <subfield code="a">Ciencia</subfield>
    <subfield code="9">11396</subfield>
  </datafield>
  <datafield tag="653" ind1=" " ind2=" ">
    <subfield code="a">Arquitectura Finlandesa</subfield>
  </datafield>
  <datafield tag="653" ind1=" " ind2=" ">
    <subfield code="a">Dise&#xF1;o de Muebles</subfield>
  </datafield>
  <datafield tag="773" ind1="0" ind2=" ">
    <subfield code="a">Bolet&#xED;n de la Secretar&#xED;a: Ciencia y T&#xE9;cnica</subfield>
    <subfield code="d">Buenos Aires, Aller Atucha y Asociados. 1988</subfield>
    <subfield code="g">nro.15 (may-1988), 64.p</subfield>
    <subfield code="x">03265773</subfield>
  </datafield>
  <datafield tag="856" ind1=" " ind2=" ">
    <subfield code="u">www.secyt.unlu.edu.ar</subfield>
  </datafield>
  <datafield tag="908" ind1=" " ind2=" ">
    <subfield code="a">Imp</subfield>
  </datafield>
  <datafield tag="942" ind1=" " ind2=" ">
    <subfield code="2">udc</subfield>
    <subfield code="c">ART</subfield>
  </datafield>
  <datafield tag="945" ind1=" " ind2=" ">
    <subfield code="a">MBP</subfield>
    <subfield code="d">2018-06-12</subfield>
  </datafield>
  <datafield tag="980" ind1=" " ind2=" ">
    <subfield code="8">1</subfield>
    <subfield code="g">Maricel Allasia</subfield>
    <subfield code="6">1</subfield>
    <subfield code="a">Maricel Allasia</subfield>
  </datafield>
  <datafield tag="999" ind1=" " ind2=" ">
    <subfield code="c">12452</subfield>
    <subfield code="d">12452</subfield>
  </datafield>
  <datafield tag="952" ind1=" " ind2=" ">
    <subfield code="0">0</subfield>
    <subfield code="1">0</subfield>
    <subfield code="2">udc</subfield>
    <subfield code="4">0</subfield>
    <subfield code="5">0</subfield>
    <subfield code="7">0</subfield>
    <subfield code="a">AR-RoUNA</subfield>
    <subfield code="b">AR-RoUNA</subfield>
    <subfield code="c">Heme</subfield>
    <subfield code="d">2026-06-02</subfield>
    <subfield code="l">0</subfield>
    <subfield code="p">1002959</subfield>
    <subfield code="r">2026-06-02</subfield>
    <subfield code="t">ej. 1</subfield>
    <subfield code="w">2026-06-02</subfield>
    <subfield code="y">ART</subfield>
    <subfield code="k">K342</subfield>
    <subfield code="x"></subfield>
  </datafield>
</record>
